<?xml version="1.0" encoding="UTF-8"?><?xml-stylesheet type="text/xsl" href="static/style.xsl"?><OAI-PMH xmlns="http://www.openarchives.org/OAI/2.0/" xmlns:xsi="http://www.w3.org/2001/XMLSchema-instance" xsi:schemaLocation="http://www.openarchives.org/OAI/2.0/ http://www.openarchives.org/OAI/2.0/OAI-PMH.xsd"><responseDate>2026-04-13T03:57:51Z</responseDate><request verb="GetRecord" identifier="oai:www.recercat.cat:2072/488793" metadataPrefix="marc">https://recercat.cat/oai/request</request><GetRecord><record><header><identifier>oai:recercat.cat:2072/488793</identifier><datestamp>2025-11-09T12:58:17Z</datestamp><setSpec>com_2072_98</setSpec><setSpec>col_2072_378192</setSpec></header><metadata><record xmlns="http://www.loc.gov/MARC21/slim" xmlns:dcterms="http://purl.org/dc/terms/" xmlns:xsi="http://www.w3.org/2001/XMLSchema-instance" xmlns:doc="http://www.lyncode.com/xoai" xsi:schemaLocation="http://www.loc.gov/MARC21/slim http://www.loc.gov/standards/marcxml/schema/MARC21slim.xsd">
   <leader>00925njm 22002777a 4500</leader>
   <datafield ind2=" " ind1=" " tag="042">
      <subfield code="a">dc</subfield>
   </datafield>
   <datafield ind2=" " ind1=" " tag="720">
      <subfield code="a">Nzembayie, Kisito F.</subfield>
      <subfield code="e">author</subfield>
   </datafield>
   <datafield ind2=" " ind1=" " tag="720">
      <subfield code="a">Urbano, David</subfield>
      <subfield code="e">author</subfield>
   </datafield>
   <datafield ind2=" " ind1=" " tag="720">
      <subfield code="a">Universitat Autònoma de Barcelona. Centre d'Estudis i Recerca en Emprenedoria i Innovació Social</subfield>
      <subfield code="e">author</subfield>
   </datafield>
   <datafield ind2=" " ind1=" " tag="260">
      <subfield code="c">2026</subfield>
   </datafield>
   <datafield ind2=" " ind1=" " tag="520">
      <subfield code="a">Altres ajuts: acords transformatius de la UAB</subfield>
   </datafield>
   <datafield ind2=" " ind1=" " tag="520">
      <subfield code="a">Altres ajuts: ICREA Academia programme</subfield>
   </datafield>
   <datafield ind2=" " ind1=" " tag="520">
      <subfield code="a">This study theorizes how recent generative AI (Gen AI) platforms operate as institutional catalysts of platform-dependent entrepreneurship (PDE). Integrating institutional theory, the external enablement framework, and innovation platform theory, we propose an integrative framework for explaining the emergence of PDE under reliance on non-substitutable, platform-governed capabilities. Using an abductive mixed-method case study of OpenAI's ecosystem (2020-2025), we trace how governance, boundary resources, and institutional signals shape entrepreneurial feasibility, scaling, and vulnerability. Our analysis identifies four catalytic institutional mechanisms-Infrastructure Provision, Capability Scaffolding, Market Legitimization, and Ecosystem Orchestration-that enable venture creation while simultaneously generating dependence. Temporal analysis reveals an enablement-dependence paradox: platforms accelerate entry by democratizing frontier capabilities, yet accumulate dependencies that expose ventures to governance shocks. Empirically, we show how enthusiasm gave way to crisis during OpenAI's GPT-5 release, illustrating governance overreach, trust erosion cascades, and choice removal as control. We conclude with theoretical and practical implications.</subfield>
   </datafield>
   <datafield ind1="8" ind2=" " tag="024">
      <subfield code="a">http://hdl.handle.net/2072/488793</subfield>
   </datafield>
   <datafield tag="653" ind2=" " ind1=" ">
      <subfield code="a">Institutional catalysts</subfield>
   </datafield>
   <datafield tag="653" ind2=" " ind1=" ">
      <subfield code="a">External enablement</subfield>
   </datafield>
   <datafield tag="653" ind2=" " ind1=" ">
      <subfield code="a">Innovation platform</subfield>
   </datafield>
   <datafield tag="653" ind2=" " ind1=" ">
      <subfield code="a">Governance</subfield>
   </datafield>
   <datafield tag="653" ind2=" " ind1=" ">
      <subfield code="a">Dependence</subfield>
   </datafield>
   <datafield ind2="0" ind1="0" tag="245">
      <subfield code="a">Generative AI platforms as institutional catalysts of digital entrepreneurship : enablement, dependence &amp; power dynamics</subfield>
   </datafield>
</record></metadata></record></GetRecord></OAI-PMH>